مكتبة جامعة عجلون الوطنية

فهرس بحث المكتبة

فعالية برنامج مستند على القصص التفاعلية الرقمية المتسلسلة الصامتة في تحسين مهارات التعبير الكتابي للطلبة ذوي صعوبات التعلم = The Effectiveness of a Program Based on Silent Sequential Interactine Digital Stories in Improving the Written Expression Skills of Students with Learning Disabilities / (Record no. 33458)

MARC details
000 -LEADER
fixed length control field 01259nam a22001937a 4500
003 - CONTROL NUMBER IDENTIFIER
control field JO-AjAnu
005 - DATE AND TIME OF LATEST TRANSACTION
control field 20240605122244.0
008 - FIXED-LENGTH DATA ELEMENTS--GENERAL INFORMATION
fixed length control field 240415b jo ||||| |||| 00| 0 ara d
040 ## - CATALOGING SOURCE
Original cataloging agency JO-AjAnu
Language of cataloging ara
Transcribing agency JO-AjAnu
041 ## - LANGUAGE CODE
Language code of text/sound track or separate title ara
100 #1 - MAIN ENTRY--PERSONAL NAME
Personal name بدو، جميلة فتحي علي
Relator term معد
9 (RLIN) 65375
245 10 - TITLE STATEMENT
Title فعالية برنامج مستند على القصص التفاعلية الرقمية المتسلسلة الصامتة في تحسين مهارات التعبير الكتابي للطلبة ذوي صعوبات التعلم = The Effectiveness of a Program Based on Silent Sequential Interactine Digital Stories in Improving the Written Expression Skills of Students with Learning Disabilities /
Statement of responsibility, etc. اعداد جميلة فتحي علي بدو ؛ اشراف محمد عمر ابو الرب
260 ## - PUBLICATION, DISTRIBUTION, ETC.
Date of publication, distribution, etc. 2023
300 ## - PHYSICAL DESCRIPTION
Extent 171 ورقة
500 ## - GENERAL NOTE
General note رسالة جامعية ( رسالة ماجستير في صعوبات التعلم) - جامعة عجلون الوطنية ( عجلون، الاردن)، كلية العلوم التربوية، 2023
650 70 - SUBJECT ADDED ENTRY--TOPICAL TERM
Topical term or geographic name entry element صعوبات التعلم - انشاء- تعلم وتعليم -تربية خاصة
9 (RLIN) 65376
700 #1 - ADDED ENTRY--PERSONAL NAME
Personal name محمد عمر أبو الرب
Relator term مشرف
9 (RLIN) 64717
942 ## - ADDED ENTRY ELEMENTS (KOHA)
Source of classification or shelving scheme Library of Congress Classification
Koha item type Thesis
Suppress in OPAC No
Holdings
Withdrawn status Lost status Source of classification or shelving scheme Damaged status Not for loan Home library Current library Date acquired Total Checkouts Full call number Barcode Date last seen Price effective from Koha item type
    Library of Congress Classification     مكتبة جامعة عجلون الوطنية مكتبة جامعة عجلون الوطنية 15/04/2024   LC4704 2023 a29343 15/04/2024 15/04/2024 Thesis
    Library of Congress Classification     مكتبة جامعة عجلون الوطنية مكتبة جامعة عجلون الوطنية 15/04/2024   LC4704 2023 a29344 15/04/2024 15/04/2024 Thesis